| 000 | 00480nam a2200169Ia 4500 | ||
|---|---|---|---|
| 003 | GCL | ||
| 008 | 140319s9999 xx 000 0 ara d | ||
| 040 |
_aGCL / _cGCL |
||
| 082 | 0 | 4 |
_a214.3 _bم ر |
| 100 | 1 | _aمحمد عبدالرؤف بهنسى | |
| 245 | 1 | 0 |
_aرسالة الاسلام الى الشباب / _cمحمد عبدالرؤف بهنسى |
| 300 | _a158 ص | ||
| 490 | _a | ||
| 650 | 0 | 4 | _aالاسلام |
| 650 | 0 | 4 | _aالاسلام والمجتمع |
| 942 |
_2ddc _cBK |
||
| 999 |
_c45426 _d45426 |
||